| 000 | 00794nam a22002177a 4500 | ||
|---|---|---|---|
| 005 | 20230922131039.0 | ||
| 008 | 230920b ||||| |||| 00| 0 eng d | ||
| 020 | _a9507276742 | ||
| 040 |
_aCO-BoUCM _cDavid Moreno _dDavid Moreno |
||
| 041 | _aspa | ||
| 100 | 1 |
_aMosset Iturraspe, Jorge _9132390 |
|
| 245 | 1 | 0 |
_aContratos : _bAspectos generales / _cJorge Mosset Iturraspe y Miguel A. Piedecasas |
| 260 |
_aRubinzal-Culzoni _bBuenos Aires _c2005 |
||
| 300 | _a613 Paginas | ||
| 490 | _aResponsabilidad civil y contratos | ||
| 650 | 1 | 7 |
_aDerecho civil _xContratos _9178862 |
| 650 | 1 | 7 |
_aTérminos legales de contrato _xActos jurÃdicos _9178929 |
| 700 | 1 |
_aA. Piedecasas, Miguel _9178865 |
|
| 942 |
_2DEWEY _a8 _cLIBRO _e1 _h346.013 _mM913i _n0 |
||
| 999 |
_c323192 _d323192 |
||